| Tag |
First Indicator |
Second Indicator |
Subfields |
| LEADER |
00000cam a2200000 4500 |
| 001 |
in00000050443 |
| 005 |
20151007071835.0 |
| 008 |
750822s1963 nyua b 00000 eng |
| 010 |
|
|
|a 63019255
|
| 035 |
|
|
|a (OCoLC)01563865
|
| 035 |
|
|
|9 AAE6736AM
|
| 040 |
|
|
|a DLC
|c FQG
|d CHS
|d OCL
|d TXA
|d UtOrBLW
|
| 049 |
|
|
|a TXAM
|c [415992]
|
| 050 |
0 |
0 |
|a QP913.D1
|b T47 1963
|
| 082 |
0 |
|
|a 374.192
|
| 092 |
|
|
|a 574.192
|b T483b, 1963
|
| 100 |
1 |
|
|a Thomson, John F.
|
| 245 |
1 |
0 |
|a Biological effects of deuterium.
|
| 264 |
|
1 |
|a New York :
|b Macmillan,
|c 1963.
|
| 300 |
|
|
|a vii, 133 pages :
|b diagrams ;
|c 24 cm.
|
| 336 |
|
|
|a text
|b txt
|2 rdacontent
|
| 337 |
|
|
|a unmediated
|b n
|2 rdamedia
|
| 338 |
|
|
|a volume
|b nc
|2 rdacarrier
|
| 490 |
1 |
|
|a International series of monographs on pure and applied biology. Division: Modern trends in physiological sciences ;
|v v. 19
|
| 490 |
1 |
|
|a Modern trends in physiological sciences ;
|v v.19
|
| 500 |
|
|
|a "A Pergamon Press book."
|
| 504 |
|
|
|a Includes bibliographies.
|
| 650 |
|
0 |
|a Deuterium
|x Physiological effect.
|
| 830 |
|
0 |
|a International series of monographs on pure and applied biology.
|p Division, Modern trends in physiological sciences ;
|v v.19.
|
| 999 |
|
|
|a MARS
|
| 999 |
f |
f |
|s 8860318c-fc33-3c8a-b92b-518a80d32996
|i d824f1fd-2fe7-3618-8f9d-ba218987ecc5
|t 0
|
| 952 |
f |
f |
|p ric
|a Texas A&M University
|b Rellis Campus
|c Joint Library Facility
|d Remote Storage
|t 0
|e QP913.D1 T47 1963
|h Library of Congress classification
|i unmediated -- volume
|m A14800974052
|
| 998 |
f |
f |
|a QP913.D1 T47 1963
|t 0
|l Remote Storage
|